[Event "BL2-Ost 1415"]
[Site "Germany"]
[Date "2015.02.22"]
[Round "10.8"]
[White "Panteleev, Petar"]
[Black "Brueggemann, Joachim"]
[Result "1/2-1/2"]
[WhiteElo "2238"]
[BlackElo "2304"]
[PlyCount "102"]
[EventDate "2014.10.18"]
[EventType "team-tourn"]
[EventRounds "10"]
[EventCountry "GER"]
[SourceTitle "CBM 166 Extra"]
[Source "ChessBase"]
[SourceDate "2015.06.18"]
[SourceVersion "1"]
[SourceVersionDate "2015.06.18"]
[SourceQuality "1"]
[WhiteTeam "Zugzwang MSA"]
[BlackTeam "Erfurt"]
[WhiteTeamCountry "GER"]
[BlackTeamCountry "GER"]

1. Nf3 Nf6 2. c4 e6 3. g3 c5 4. Bg2 Nc6 5. 0-0 Be7 6. d4 d5 7. cxd5 exd5 8. Nc3 0-0 9. dxc5 Bxc5 10. Bg5 d4 11. Bxf6 Qxf6 12. Nd5 Qd8 13. Nd2 Re8 14. Nb3 Bb6 15. Re1 Bg4 16. Qd2 h6 17. Rac1 Rc8 18. Nc5 Bxc5 19. Rxc5 Qd6 20. b4 Be6 21. Rec1 Rcd8 22. b5 Ne5 23. Nc7 Re7 24. Qf4 d3 25. exd3 Nxd3 26. Qxd6 Rxd6 27. Nxe6 Rdxe6 28. Rc8+ Kh7 29. Rd1 Re1+ 30. Rxe1 Nxe1 31. Bd5 Nd3 32. Rc3 Ne5 33. Re3 b6 34. Bxf7 Rxf7 35. Rxe5 Kg6 36. f4 Rd7 37. Kf2 Kf6 38. Ke2 Rd4 39. Kf3 Ra4 40. Re2 Rb4 41. Rc2 h5 42. Rc6+ Kf7 43. f5 Rxb5 44. Kf4 Rc5 45. Rd6 Rc2 46. Kg5 Rxh2 47. Rd7+ Kf8 48. Rxa7 Rh3 49. Ra3 Kf7 50. Rb3 b5 51. Kf4 h4 1/2-1/2

[Event "BL2-Ost 1415"]
[Site "Germany"]
[Date "2015.01.31"]
[Round "7.8"]
[White "Wichmann, Cliff"]
[Black "Panteleev, Petar"]
[Result "1/2-1/2"]
[WhiteElo "2356"]
[BlackElo "2238"]
[PlyCount "39"]
[EventDate "2014.10.18"]
[EventType "team-tourn"]
[EventRounds "10"]
[EventCountry "GER"]
[SourceTitle "CBM 166 Extra"]
[Source "ChessBase"]
[SourceDate "2015.06.18"]
[SourceVersion "1"]
[SourceVersionDate "2015.06.18"]
[SourceQuality "1"]
[WhiteTeam "Aue Nickelhuette"]
[BlackTeam "Zugzwang MSA"]
[WhiteTeamCountry "GER"]
[BlackTeamCountry "GER"]

1. d4 Nf6 2. Nf3 g6 3. c4 Bg7 4. Nc3 d5 5. Bf4 0-0 6. e3 c5 7. dxc5 Ne4 8. Rc1 Nxc3 9. bxc3 dxc4 10. Qxd8 Rxd8 11. Bxc4 Nd7 12. Ng5 Rf8 13. Ne4 Ne5 14. Bxe5 Bxe5 15. 0-0 Bf5 16. Ng3 Bxg3 17. hxg3 Rac8 18. Bd5 Rxc5 19. Bxb7 Rb8 20. e4 1/2-1/2

[Event "AUT-chT2W 1415"]
[Site "Austria"]
[Date "2015.01.25"]
[Round "8.4"]
[White "Panteleev, Petar"]
[Black "Sulava, Nenad"]
[Result "1/2-1/2"]
[WhiteElo "2251"]
[BlackElo "2453"]
[PlyCount "68"]
[EventDate "2014.10.10"]
[EventType "team-tourn"]
[EventRounds "11"]
[EventCountry "AUT"]
[SourceTitle "EXT 2016"]
[Source "ChessBase"]
[SourceDate "2015.10.08"]
[SourceVersion "1"]
[SourceVersionDate "2015.10.08"]
[SourceQuality "1"]
[WhiteTeam "Schwaz"]
[BlackTeam "Neumarkt"]
[WhiteTeamCountry "AUT"]
[BlackTeamCountry "AUT"]

1. Nf3 d5 2. d4 Nf6 3. c4 dxc4 4. e3 e6 5. Bxc4 a6 6. 0-0 Nbd7 7. a4 c5 8. a5 Bd6 9. Nc3 0-0 10. h3 cxd4 11. exd4 b5 12. axb6 Qxb6 13. Qe2 Bb7 14. Be3 Nd5 15. Nxd5 Bxd5 16. Bxd5 exd5 17. Ne5 Bxe5 18. dxe5 d4 19. Rfd1 dxe3 20. Rxd7 exf2+ 21. Qxf2 Qxf2+ 22. Kxf2 Rfb8 23. Ra2 Kf8 24. Rd6 a5 25. Rd5 a4 26. Rd4 Ke7 27. Rdxa4 Rxb2+ 28. Rxb2 Rxa4 29. Rb8 h5 30. Rb7+ Ke6 31. Rb6+ Kd5 32. e6 Ra2+ 33. Kf3 fxe6 34. Rb5+ Kd6 1/2-1/2

[Event "AUT-chT2W 1415"]
[Site "Austria"]
[Date "2014.10.11"]
[Round "2.2"]
[White "Panteleev, Petar"]
[Black "Bertagnolli, Alexander"]
[Result "0-1"]
[WhiteElo "2251"]
[BlackElo "2335"]
[PlyCount "132"]
[EventDate "2014.10.10"]
[EventType "team-tourn"]
[EventRounds "11"]
[EventCountry "AUT"]
[SourceTitle "EXT 2015"]
[Source "ChessBase"]
[SourceDate "2014.11.20"]
[SourceVersion "1"]
[SourceVersionDate "2014.11.20"]
[SourceQuality "1"]
[WhiteTeam "Schwaz"]
[BlackTeam "Kufstein/Woergl"]
[WhiteTeamCountry "AUT"]
[BlackTeamCountry "AUT"]

1. d4 g6 2. c4 Bg7 3. Nf3 d6 4. Nc3 e5 5. e4 Nc6 6. Bg5 f6 7. Be3 Nh6 8. dxe5 dxe5 9. Qxd8+ Kxd8 10. 0-0-0+ Bd7 11. h3 Kc8 12. Na4 Nd8 13. Nc3 Nhf7 14. Kc2 Ne6 15. c5 f5 16. Bc4 f4 17. c6 bxc6 18. Ba6+ Kd8 19. Bb7 fxe3 20. Bxa8 Nd6 21. fxe3 Ke7 22. Bxc6 Bxc6 23. Nd5+ Kd7 24. Nd2 Nc5 25. Rhf1 Bb5 26. Rf2 Bd3+ 27. Kc1 Ncxe4 28. Nxe4 Bxe4 29. Nc3 Bf5 30. e4 Be6 31. Kc2 Rf8 32. Rxf8 Bxf8 33. b3 Bh6 34. Rd3 Kc6 35. Kd1 Bc8 36. Kc2 Ba6 37. Rf3 Kd7 38. h4 Bb7 39. Kd3 Ke6 40. h5 gxh5 41. Rh3 Bg5 42. Rxh5 h6 43. Rh1 Bc6 44. g3 Be8 45. a4 Bg6 46. Re1 c6 47. b4 Be7 48. Rh1 Bg5 49. Re1 Be7 50. Rh1 h5 51. Rb1 Nxe4 52. Nxe4 Kd5 53. Ke3 Bg5+ 54. Nxg5 Bxb1 55. Nf3 Be4 56. Nd2 Bc2 57. a5 e4 58. a6 Bd3 59. Nb3 Bxa6 60. Nc5 Bd3 61. Nd7 Kc4 62. Nf6 Kxb4 63. Nxh5 a5 64. Nf4 a4 65. Kd2 a3 66. Kc1 Kc3 0-1

[Event "AUT-chT2W 1415"]
[Site "Austria"]
[Date "2014.10.10"]
[Round "1.2"]
[White "Panteleev, Petar"]
[Black "Braeuer, Franz"]
[Result "1/2-1/2"]
[WhiteElo "2251"]
[BlackElo "2319"]
[PlyCount "80"]
[EventDate "2014.10.10"]
[EventType "team-tourn"]
[EventRounds "11"]
[EventCountry "AUT"]
[SourceTitle "EXT 2015"]
[Source "ChessBase"]
[SourceDate "2014.11.20"]
[SourceVersion "1"]
[SourceVersionDate "2014.11.20"]
[SourceQuality "1"]
[WhiteTeam "Schwaz"]
[BlackTeam "Rum Rochade"]
[WhiteTeamCountry "AUT"]
[BlackTeamCountry "AUT"]

1. d4 Nf6 2. Nf3 e6 3. c4 b6 4. g3 Ba6 5. b3 Bb4+ 6. Bd2 Be7 7. Nc3 c6 8. d5 cxd5 9. cxd5 Nxd5 10. Nxd5 exd5 11. Bc3 Bf6 12. Rc1 Nc6 13. Bg2 0-0 14. 0-0 Bxc3 15. Rxc3 Qf6 16. Re3 d4 17. Re4 Rae8 18. Ne1 Rxe4 19. Bxe4 Qe6 20. Bd3 Bb7 21. Nf3 h6 22. Bc4 Qe4 23. Qb1 Nb4 24. Qxe4 Bxe4 25. Nxd4 d5 26. Bb5 Rc8 27. f3 Bg6 28. a3 Nc2 29. Rc1 Rc5 30. Nxc2 Rxc2 31. Rxc2 Bxc2 32. b4 d4 33. Kf2 Kf8 34. Ke1 Ke7 35. Kd2 Bb1 36. Bd3 Ba2 37. Ba6 Bb1 38. Bd3 Ba2 39. Ba6 Bb1 40. Bd3 Ba2 1/2-1/2

[Event "AUT-chT2W 1314"]
[Site "Austria"]
[Date "2014.03.07"]
[Round "9.2"]
[White "Krstic, Uros"]
[Black "Panteleev, Petar"]
[Result "1-0"]
[WhiteElo "2445"]
[BlackElo "2303"]
[PlyCount "93"]
[EventDate "2013.10.18"]
[EventType "team-tourn"]
[EventRounds "11"]
[EventCountry "AUT"]
[SourceTitle "EXT 2015"]
[Source "ChessBase"]
[SourceDate "2014.11.20"]
[SourceVersion "1"]
[SourceVersionDate "2014.11.20"]
[SourceQuality "1"]
[WhiteTeam "Schwarzach"]
[BlackTeam "Schwaz"]
[WhiteTeamCountry "AUT"]
[BlackTeamCountry "AUT"]

1. e4 e5 2. Nf3 Nc6 3. Bb5 Nf6 4. Qe2 Bc5 5. c3 0-0 6. 0-0 Re8 7. d3 h6 8. h3 a6 9. Ba4 b5 10. Bb3 Bf8 11. a4 Na5 12. Ba2 b4 13. cxb4 Nc6 14. b5 Nb4 15. Bc4 axb5 16. Bxb5 c6 17. Bc4 d5 18. exd5 cxd5 19. Bb5 Bd7 20. Na3 e4 21. dxe4 Nxe4 22. Be3 Ng3 23. fxg3 Bc5 24. Bxc5 Rxe2 25. Bxe2 Bxa4 26. Rac1 Nc6 27. Nd4 Ne5 28. Nf5 Nc6 29. Rf2 Rb8 30. Bf3 Rb7 31. g4 Rd7 32. Re2 Kh7 33. Bf2 Qg5 34. Rc5 Qd8 35. Nb1 Bd1 36. Rxc6 Bxe2 37. Bxe2 d4 38. Bd3 Kg8 39. Nd2 Rc7 40. Rxc7 Qxc7 41. Nc4 Qf4 42. Nxd4 Qc1+ 43. Bf1 Qb1 44. b3 g6 45. Nd2 Qc1 46. N2f3 Qb1 47. Be1 1-0

[Event "AUT-chT2W 1314"]
[Site "Austria"]
[Date "2014.01.18"]
[Round "7.2"]
[White "Panteleev, Petar"]
[Black "Novkovic, Milan"]
[Result "0-1"]
[WhiteElo "2303"]
[BlackElo "2390"]
[PlyCount "164"]
[EventDate "2013.10.18"]
[EventType "team-tourn"]
[EventRounds "11"]
[EventCountry "AUT"]
[SourceTitle "EXT 2015"]
[Source "ChessBase"]
[SourceDate "2014.11.20"]
[SourceVersion "1"]
[SourceVersionDate "2014.11.20"]
[SourceQuality "1"]
[WhiteTeam "Schwaz"]
[BlackTeam "Hohenems II"]
[WhiteTeamCountry "AUT"]
[BlackTeamCountry "AUT"]

1. d4 d5 2. Nf3 Nf6 3. c4 e6 4. g3 dxc4 5. Bg2 Nc6 6. Qa4 Bd7 7. Qxc4 Na5 8. Qd3 c5 9. 0-0 Bc6 10. Be3 cxd4 11. Bxd4 Be7 12. Nc3 0-0 13. Rfd1 Qd6 14. Ne5 Bxg2 15. Kxg2 Nc6 16. Nxc6 Qxc6+ 17. Qf3 Rfc8 18. Rac1 a6 19. a3 Qxf3+ 20. Kxf3 Rc6 21. Ne4 Nxe4 22. Kxe4 Rac8 23. Rxc6 Rxc6 24. Rd3 Kf8 25. Rc3 f5+ 26. Kf3 Rxc3+ 27. Bxc3 Kf7 28. e4 Bc5 29. exf5 exf5 30. h3 h5 31. h4 b5 32. Ke2 g6 33. f3 Ke6 34. Bg7 Kd5 35. Bh6 Kc4 36. Kd2 a5 37. Kc2 a4 38. Bf4 Bd4 39. Bc7 Bf6 40. Bf4 Be7 41. Be3 Bd6 42. Bf4 Bc5 43. Be5 Be3 44. Bf4 Bc5 45. Be5 Kd5 46. Bf4 Kd4 47. Kd2 Be7 48. Be3+ Kd5 49. Kc3 Bf6+ 50. Kc2 Bd8 51. Kc3 Bc7 52. Bf4 Ba5+ 53. Kd3 Bb6 54. Be3 Bd8 55. Bd2 Bf6 56. Bc3 Be7 57. Bd2 Bd6 58. Bf4 Bf8 59. Bd2 Bg7 60. Bc3 Bf8 61. Bd2 Be7 62. Be3 Bf6 63. Kc2 Kc4 64. Bd2 Bd4 65. Bc3 Be3 66. Be5 g5 67. hxg5 Bxg5 68. Bc7 Be3 69. Bb8 Bd4 70. Bd6 Kd5 71. Bc7 Bg7 72. Bf4 Kd4 73. Bd2 Kc4 74. Bf4 Bd4 75. Bd6 Be3 76. Be7 Bd4 77. Bd6 Kd5 78. Bc7 Be5 79. Bxe5 Kxe5 80. Kd3 Kf6 81. Kd4 f4 82. gxf4 h4 0-1

[Event "AUT-chT2W 1314"]
[Site "Austria"]
[Date "2014.01.17"]
[Round "6.2"]
[White "Graf, Felix"]
[Black "Panteleev, Petar"]
[Result "1-0"]
[WhiteElo "2493"]
[BlackElo "2303"]
[PlyCount "87"]
[EventDate "2013.10.18"]
[EventType "team-tourn"]
[EventRounds "11"]
[EventCountry "AUT"]
[SourceTitle "EXT 2015"]
[Source "ChessBase"]
[SourceDate "2014.11.20"]
[SourceVersion "1"]
[SourceVersionDate "2014.11.20"]
[SourceQuality "1"]
[WhiteTeam "Bregenz"]
[BlackTeam "Schwaz"]
[WhiteTeamCountry "AUT"]
[BlackTeamCountry "AUT"]

1. d4 d5 2. c4 c6 3. Nc3 Nf6 4. Nf3 dxc4 5. a4 Bf5 6. e3 e6 7. Bxc4 Be7 8. 0-0 Bg4 9. h3 Bh5 10. g4 Bg6 11. Ne5 Nbd7 12. Nxg6 hxg6 13. Kg2 e5 14. Qb3 0-0 15. Qxb7 exd4 16. exd4 Qb6 17. Qxb6 Nxb6 18. Ba6 Rfd8 19. Bb7 Rab8 20. Bxc6 Rxd4 21. Be3 Rc4 22. Bf3 a5 23. Rfb1 Rb4 24. b3 Nc8 25. Nb5 Ne4 26. Bf4 Rb7 27. Re1 f5 28. Bd2 Rxb3 29. Bxa5 Bb4 30. Bxb4 Rxb4 31. Bxe4 fxe4 32. Reb1 Rxb1 33. Rxb1 Nd6 34. Nc3 Rc7 35. Nd5 Rc5 36. Nb6 Kf7 37. Ra1 Nb7 38. Re1 Nd6 39. Rd1 Ke6 40. a5 Rb5 41. Re1 Rb2 42. a6 Nb5 43. Nc4 Rb4 44. a7 1-0

[Event "AUT-chT2W 1314"]
[Site "Austria"]
[Date "2013.12.01"]
[Round "5.1"]
[White "Schramm, Christian"]
[Black "Panteleev, Petar"]
[Result "1/2-1/2"]
[WhiteElo "2396"]
[BlackElo "2303"]
[PlyCount "75"]
[EventDate "2013.10.18"]
[EventType "team-tourn"]
[EventRounds "11"]
[EventCountry "AUT"]
[SourceTitle "CBM 157 Extra"]
[Source "ChessBase"]
[SourceDate "2013.12.19"]
[SourceVersion "1"]
[SourceVersionDate "2013.12.19"]
[SourceQuality "1"]
[WhiteTeam "Bernhard II"]
[BlackTeam "Schwaz"]
[WhiteTeamCountry "AUT"]
[BlackTeamCountry "AUT"]

1. e4 e5 2. Nf3 Nc6 3. d4 exd4 4. Nxd4 Bc5 5. Nb3 Bb6 6. Nc3 d6 7. Bf4 Be6 8. Qd2 Nf6 9. 0-0-0 h6 10. f3 Nh5 11. Be3 Bxe3 12. Qxe3 Qg5 13. Qd2 0-0-0 14. g3 Qxd2+ 15. Rxd2 g5 16. Nd4 Nxd4 17. Rxd4 c6 18. Be2 Nf6 19. Rdd1 d5 20. exd5 Nxd5 21. Nxd5 Rxd5 22. Rxd5 Bxd5 23. Rf1 Kd8 24. c4 Be6 25. Kd2 Ke7 26. Kc3 h5 27. f4 f6 28. f5 Bf7 29. b4 h4 30. g4 Kd7 31. Rd1+ Ke7 32. c5 Rd8 33. Rxd8 Kxd8 34. Bc4 Be8 35. a4 Bd7 36. Kd4 Ke7 37. a5 a6 38. Ke4 1/2-1/2

[Event "AUT-chT2W 1314"]
[Site "Austria"]
[Date "2013.11.30"]
[Round "4.1"]
[White "Panteleev, Petar"]
[Black "Medvegy, Zoltan"]
[Result "0-1"]
[WhiteElo "2303"]
[BlackElo "2536"]
[PlyCount "102"]
[EventDate "2013.10.18"]
[EventType "team-tourn"]
[EventRounds "11"]
[EventCountry "AUT"]
[SourceTitle "CBM 157 Extra"]
[Source "ChessBase"]
[SourceDate "2013.12.19"]
[SourceVersion "1"]
[SourceVersionDate "2013.12.19"]
[SourceQuality "1"]
[WhiteTeam "Schwaz"]
[BlackTeam "Ranshofen"]
[WhiteTeamCountry "AUT"]
[BlackTeamCountry "AUT"]

1. d4 g6 2. Nf3 Bg7 3. c4 d6 4. Nc3 e5 5. e4 Nc6 6. dxe5 dxe5 7. Qxd8+ Kxd8 8. Bg5+ f6 9. 0-0-0+ Bd7 10. Be3 Bh6 11. Nd5 Bxe3+ 12. Nxe3 Ke8 13. Nd5 Rc8 14. h3 Nd8 15. b4 Ne6 16. Kb2 c6 17. Ne3 Nh6 18. g3 Ke7 19. h4 Nc7 20. Bh3 Bxh3 21. Rxh3 Ne6 22. Rhh1 Rhd8 23. Kc3 c5 24. Nd5+ Kf7 25. a3 Ng4 26. Rd2 Nd4 27. Nxd4 exd4+ 28. Kb3 b6 29. f4 f5 30. Re1 Re8 31. bxc5 bxc5 32. e5 Ke6 33. Rde2 Red8 34. Nf6 Rb8+ 35. Ka2 Ne3 36. Nxh7 Rb6 37. Ng5+ Ke7 38. Rc1 Rdb8 39. Nf3 Rb3 40. Ne1 Nf1 41. Nd3 Nxg3 42. Rb2 Rxb2+ 43. Nxb2 Ne2 44. Rh1 Nxf4 45. Na4 Ne6 46. Nb2 Kf7 47. Nd3 Kg7 48. Rh2 Kh6 49. Rh1 Kh5 50. Rh2 f4 51. Nf2 a5 0-1

[Event "Oberliga Bayern 1213"]
[Site "Bayern"]
[Date "2013.03.17"]
[Round "8.3"]
[White "Panteleev, Petar"]
[Black "Testor, Sebastian"]
[Result "1/2-1/2"]
[WhiteElo "2303"]
[BlackElo "2231"]
[PlyCount "113"]
[EventDate "2012.10.14"]
[EventType "team-tourn"]
[EventRounds "9"]
[EventCountry "GER"]
[SourceTitle "EXT 2015"]
[Source "ChessBase"]
[SourceDate "2014.11.20"]
[SourceVersion "1"]
[SourceVersionDate "2014.11.20"]
[SourceQuality "1"]
[WhiteTeam "Muenchen Tarrasch"]
[BlackTeam "Passau"]
[WhiteTeamCountry "GER"]
[BlackTeamCountry "GER"]

1. Nf3 Nf6 2. c4 e6 3. g3 a6 4. d4 b5 5. Bg2 Bb7 6. b3 c5 7. d5 exd5 8. cxd5 Bxd5 9. 0-0 Be7 10. Bb2 Bc6 11. e4 Bxe4 12. Re1 d5 13. Nc3 0-0 14. Nxe4 Nxe4 15. Ne5 f6 16. Ng4 Ra7 17. Ne3 Rd7 18. Qg4 g6 19. Qe6+ Rf7 20. Nxd5 Rxd5 21. Qxe4 Rd6 22. a4 f5 23. Qe5 Bf6 24. Qe8+ Rf8 25. Qxd8 Rfxd8 26. Bxf6 Rxf6 27. axb5 axb5 28. Ra5 Rb6 29. Bf1 Nc6 30. Rxb5 Rxb5 31. Bxb5 Nd4 32. Bc4+ Kf8 33. Ra1 Nf3+ 34. Kg2 Nd2 35. Ra7 Nxc4 36. bxc4 Rd4 37. Rxh7 Rxc4 38. h4 Kg8 39. Rc7 Rc3 40. Kf1 f4 41. gxf4 Rh3 42. Rxc5 Rxh4 43. f5 gxf5 44. Rxf5 Kg7 45. Kg2 Ra4 46. Kg3 Kg6 47. Rf4 Ra1 48. Rb4 Rf1 49. Rb5 Kf6 50. f3 Ra1 51. Kg4 Ra4+ 52. f4 Ra6 53. Rh5 Ra1 54. Rh6+ Kg7 55. Rc6 Ra5 56. Kf3 Kf7 57. Kg4 1/2-1/2

[Event "AUT-chT2W 1213"]
[Site "Austria"]
[Date "2013.01.12"]
[Round "7.2"]
[White "Heinzel, Olaf"]
[Black "Panteleev, Petar"]
[Result "1/2-1/2"]
[WhiteElo "2363"]
[BlackElo "2306"]
[PlyCount "169"]
[EventDate "2012.10.05"]
[EventType "team-tourn"]
[EventRounds "11"]
[EventCountry "AUT"]
[SourceTitle "EXT 2014"]
[Source "ChessBase"]
[SourceDate "2013.11.20"]
[SourceVersion "1"]
[SourceVersionDate "2013.11.20"]
[SourceQuality "1"]
[WhiteTeam "Rum Rochade"]
[BlackTeam "Mozart"]
[WhiteTeamCountry "AUT"]
[BlackTeamCountry "AUT"]

1. Nf3 d5 2. d4 c6 3. g3 Nf6 4. Bg2 Bg4 5. 0-0 Nbd7 6. c4 e6 7. b3 Bd6 8. Bb2 h6 9. Nbd2 Qe7 10. Ne5 Bf5 11. h3 0-0 12. a3 Bh7 13. b4 Ne4 14. Nxe4 dxe4 15. Qb3 f6 16. Nxd7 Qxd7 17. Rad1 f5 18. d5 cxd5 19. cxd5 e5 20. f3 exf3 21. exf3 Qe7 22. Rfe1 e4 23. f4 Bg6 24. Bf1 Kh7 25. Kh1 Rg8 26. Bg2 Be8 27. Bd4 Bd7 28. Qe3 b6 29. g4 Rae8 30. gxf5 Bxf5 31. Be5 Bxe5 32. Bxe4 Bd6 33. Bxf5+ g6 34. Qxe7+ Rxe7 35. Rxe7+ Bxe7 36. Be6 Rd8 37. Kg2 Kg7 38. Kf3 Kf6 39. Ke4 Bd6 40. Rd4 Ra8 41. Rc4 Ke7 42. Rc3 Rf8 43. Rf3 g5 44. f5 h5 45. Rf1 a5 46. Rc1 axb4 47. axb4 Bxb4 48. Rc6 Bd6 49. Rxb6 g4 50. Rb7+ Kf6 51. hxg4 hxg4 52. Rh7 Kg5 53. Rg7+ Kh4 54. Rd7 Bb4 55. d6 Kg3 56. Kd5 Kf2 57. Rb7 Bd2 58. Rb2 Ke2 59. Ke4 g3 60. Rxd2+ Kxd2 61. Kf3 g2 62. Kxg2 Ke3 63. Kg3 Ke4 64. Kg4 Ke5 65. d7 Kf6 66. Kf4 Ra8 67. Ke4 Ke7 68. Kd5 Ra5+ 69. Kc6 Ra6+ 70. Kd5 Ra5+ 71. Ke4 Ra4+ 72. Ke5 Ra5+ 73. Kf4 Ra1 74. f6+ Kd8 75. Kg5 Rg1+ 76. Bg4 Rf1 77. Kg6 Rf2 78. Bf5 Rg2+ 79. Kh5 Rf2 80. Kg5 Rg2+ 81. Kf4 Rf2+ 82. Ke5 Re2+ 83. Kf4 Rf2+ 84. Ke4 Re2+ 85. Kf4 1/2-1/2

[Event "Oberliga Bayern 1213"]
[Site "Bayern"]
[Date "2012.12.09"]
[Round "4.3"]
[White "Panteleev, Petar"]
[Black "Schuster, Karsten"]
[Result "1-0"]
[WhiteElo "2303"]
[BlackElo "2253"]
[PlyCount "65"]
[EventDate "2012.10.14"]
[EventType "team-tourn"]
[EventRounds "9"]
[EventCountry "GER"]
[SourceTitle "EXT 2015"]
[Source "ChessBase"]
[SourceDate "2014.11.20"]
[SourceVersion "1"]
[SourceVersionDate "2014.11.20"]
[SourceQuality "1"]
[WhiteTeam "Muenchen Tarrasch"]
[BlackTeam "Groebenzell"]
[WhiteTeamCountry "GER"]
[BlackTeamCountry "GER"]

1. Nf3 Nf6 2. c4 b6 3. g3 Bb7 4. Bg2 e6 5. d4 Be7 6. Nc3 0-0 7. Qc2 d5 8. cxd5 Nxd5 9. Nxd5 Bxd5 10. 0-0 Nd7 11. e4 Bb7 12. Rd1 Qc8 13. d5 exd5 14. exd5 c5 15. Ng5 g6 16. Bf4 Bxg5 17. Bxg5 Ne5 18. Re1 f6 19. Bxf6 Ng4 20. Bc3 Rxf2 21. Qe4 Nf6 22. Qe5 Rxg2+ 23. Kxg2 Bxd5+ 24. Kg1 Qh3 25. Re2 Rf8 26. Rd2 Bb7 27. Rf1 Qxf1+ 28. Kxf1 Ng4+ 29. Qf4 Rxf4+ 30. gxf4 Ne3+ 31. Ke1 Ng2+ 32. Kf2 Nxf4 33. Rd8+ 1-0

[Event "AUT-chT2W 1213"]
[Site "Austria"]
[Date "2012.11.30"]
[Round "4.2"]
[White "Weindl, Alfred"]
[Black "Panteleev, Petar"]
[Result "1/2-1/2"]
[WhiteElo "2329"]
[BlackElo "2306"]
[PlyCount "103"]
[EventDate "2012.10.05"]
[EventType "team-tourn"]
[EventRounds "11"]
[EventCountry "AUT"]
[SourceTitle "EXT 2014"]
[Source "ChessBase"]
[SourceDate "2013.11.20"]
[SourceVersion "1"]
[SourceVersionDate "2013.11.20"]
[SourceQuality "1"]
[WhiteTeam "Bregenz"]
[BlackTeam "Mozart"]
[WhiteTeamCountry "AUT"]
[BlackTeamCountry "AUT"]

1. c4 Nf6 2. Nc3 g6 3. g3 Bg7 4. Bg2 0-0 5. e3 c6 6. Nge2 d5 7. cxd5 cxd5 8. d4 Nc6 9. 0-0 b6 10. Bd2 Ba6 11. Qa4 Na5 12. Rfc1 e6 13. Be1 Qd7 14. Bf1 Rfc8 15. Qxd7 Nxd7 16. Nf4 Bxf1 17. Kxf1 Nc4 18. Nd3 Nd6 19. Ke2 Kf8 20. g4 Ke7 21. Rc2 Ne4 22. Rac1 Nxc3+ 23. Bxc3 Kd8 24. Bb4 Bf8 25. Bxf8 Nxf8 26. Nb4 Nd7 27. Nc6+ Ke8 28. g5 Rc7 29. Nb4 Rxc2+ 30. Rxc2 a5 31. Nc6 Rc8 32. Kd2 Nc5 33. dxc5 Rxc6 34. cxb6 Rxb6 35. b3 Rb4 36. Rc8+ Kd7 37. Ra8 Rb5 38. Ra7+ Ke8 39. Kd3 e5 40. f4 d4 41. exd4 exf4 42. h4 h6 43. Ke4 hxg5 44. hxg5 Rf5 45. Kf3 Rxg5 46. Kxf4 Rb5 47. Ke4 f5+ 48. Kf4 Rd5 49. Kg5 Rxd4 50. Rxa5 Rg4+ 51. Kf6 Kd7 52. Ke5 1/2-1/2

[Event "EU-ch 13th"]
[Site "Plovdiv"]
[Date "2012.03.29"]
[Round "9"]
[White "Panteleev, Petar"]
[Black "Nestorovic, Nikola"]
[Result "1/2-1/2"]
[WhiteElo "2347"]
[BlackElo "2462"]
[PlyCount "106"]
[EventDate "2012.03.20"]
[EventType "swiss"]
[EventRounds "11"]
[EventCountry "BUL"]
[SourceTitle "CBM 148"]
[Source "ChessBase"]
[SourceDate "2012.05.16"]
[SourceVersion "1"]
[SourceVersionDate "2012.05.16"]
[SourceQuality "1"]

1. d4 Nf6 2. c4 e6 3. Nf3 Bb4+ 4. Bd2 a5 5. g3 d6 6. Bg2 Nbd7 7. 0-0 e5 8. Be3 exd4 9. Bxd4 0-0 10. Nc3 c6 11. b3 Re8 12. Na4 d5 13. a3 Bf8 14. cxd5 Nxd5 15. Qc2 N7f6 16. Rfe1 Ne4 17. Ne5 Ng5 18. e4 Nb4 19. Qc3 f6 20. Bb6 Qe7 21. Nc4 Na6 22. f4 Nf7 23. Qxa5 Be6 24. Qc3 Nd6 25. Nxd6 Qxd6 26. b4 Qe7 27. Bf2 Rad8 28. Nc5 Nxc5 29. Bxc5 Qf7 30. Bxf8 Rxf8 31. a4 Qd7 32. Bf3 Qd2 33. Qxd2 Rxd2 34. Rad1 Ra2 35. a5 c5 36. bxc5 Rxa5 37. Rd6 Bf7 38. e5 fxe5 39. Rxe5 Re8 40. Rxe8+ Bxe8 41. Rd8 Kf7 42. Rc8 Bd7 43. Rc7 Ke8 44. Be4 h6 45. Kf2 Kd8 46. Rxb7 Rxc5 47. Ke3 Ra5 48. Rb8+ Ke7 49. Ra8 Rxa8 50. Bxa8 g5 51. Kf3 Kf6 52. Be4 Be6 53. fxg5+ hxg5 1/2-1/2

[Event "EU-ch 13th"]
[Site "Plovdiv"]
[Date "2012.03.27"]
[Round "7"]
[White "Panteleev, Petar"]
[Black "Marjanovic, Dejan"]
[Result "1/2-1/2"]
[WhiteElo "2347"]
[BlackElo "2138"]
[PlyCount "60"]
[EventDate "2012.03.20"]
[EventType "swiss"]
[EventRounds "11"]
[EventCountry "BUL"]
[SourceTitle "CBM 148"]
[Source "ChessBase"]
[SourceDate "2012.05.16"]
[SourceVersion "1"]
[SourceVersionDate "2012.05.16"]
[SourceQuality "1"]

1. c4 Nf6 2. g3 g6 3. Bg2 Bg7 4. Nc3 0-0 5. e4 d6 6. Nge2 c5 7. 0-0 Nc6 8. h3 Ne8 9. Rb1 Nc7 10. a3 a5 11. Nd5 Rb8 12. Nb6 Ne6 13. Nxc8 Qxc8 14. Nc3 Ned4 15. a4 Qd7 16. d3 e6 17. Kh2 Rbe8 18. Be3 b6 19. f4 f5 20. Qd2 Kh8 21. Rbe1 Nb3 22. Qd1 Nbd4 23. Rf2 Rf7 24. Rg1 Nb4 25. Re1 Rfe7 26. Kh1 Rf7 27. Kh2 Rfe7 28. Kh1 Rf7 29. Kh2 Rfe7 30. Kh1 Rf7 1/2-1/2

[Event "EU-ch 13th"]
[Site "Plovdiv"]
[Date "2012.03.24"]
[Round "5"]
[White "Panteleev, Petar"]
[Black "Barta, Jozsef"]
[Result "1/2-1/2"]
[WhiteElo "2347"]
[BlackElo "2148"]
[PlyCount "111"]
[EventDate "2012.03.20"]
[EventType "swiss"]
[EventRounds "11"]
[EventCountry "BUL"]
[SourceTitle "CBM 148"]
[Source "ChessBase"]
[SourceDate "2012.05.16"]
[SourceVersion "1"]
[SourceVersionDate "2012.05.16"]
[SourceQuality "1"]

1. c4 Nf6 2. Nf3 e6 3. g3 d5 4. b3 Be7 5. Bb2 c5 6. Bg2 Nc6 7. cxd5 exd5 8. d4 c4 9. 0-0 0-0 10. bxc4 dxc4 11. Nbd2 Na5 12. Bc3 Be6 13. e4 b5 14. Rb1 Rb8 15. d5 Bg4 16. Qc2 Bc5 17. Bd4 Nd7 18. h3 Bh5 19. Bxc5 Nxc5 20. Qc3 Bxf3 21. Bxf3 Na4 22. Qb4 a6 23. Bd1 c3 24. Bxa4 cxd2 25. Bb3 Nxb3 26. axb3 Re8 27. Rbd1 a5 28. Qd4 Qc8 29. Rxd2 Qxh3 30. e5 Rbd8 31. Qf4 Qh5 32. Re1 f6 33. e6 Rxd5 34. Rde2 Re7 35. Qb8+ Qe8 36. Qxe8+ Rxe8 37. Ra1 b4 38. Kg2 g6 39. Rc1 Re7 40. g4 f5 41. gxf5 Rxf5 42. Rc6 Kg7 43. Ra6 Kf6 44. Ra2 Rxe6 45. R6xa5 Rxa5 46. Rxa5 Rd6 47. Rb5 Rd4 48. f3 h5 49. Kf2 g5 50. Ke3 Rh4 51. Rb6+ Ke7 52. Rb5 g4 53. fxg4 Rxg4 54. Rxh5 Rg3+ 55. Kd4 Rxb3 56. Kc4 1/2-1/2